<?xml version="1.0" encoding="UTF-8"?>
<marc:record xmlns:marc="http://www.loc.gov/MARC21/slim">
   <marc:leader>00000nam a2200000 a 4500</marc:leader>
   <marc:datafield ind1="1" ind2=" " tag="100">
      <marc:subfield code="a">Küstenmacher, Werner Tiki</marc:subfield>
      <marc:subfield code="4">aut</marc:subfield>
      <marc:subfield code="e">Verfasser/-in</marc:subfield>
   </marc:datafield>
   <marc:datafield ind1=" " ind2=" " tag="653">
      <marc:subfield code="a">Lebenspraxis</marc:subfield>
   </marc:datafield>
   <marc:datafield ind1="0" ind2="0" tag="245">
      <marc:subfield code="a">Simplify your life</marc:subfield>
   </marc:datafield>
   <marc:datafield ind1="0" ind2="0" tag="245">
      <marc:subfield code="b">einfacher und glücklicher leben</marc:subfield>
   </marc:datafield>
   <marc:datafield ind1="0" ind2="0" tag="245">
      <marc:subfield code="c">Küstenmacher, Werner Tiki</marc:subfield>
   </marc:datafield>
   <marc:datafield ind1=" " ind2="1" tag="264">
      <marc:subfield code="c">2004</marc:subfield>
   </marc:datafield>
   <marc:datafield ind1="1" ind2=" " tag="520">
      <marc:subfield code="a">Ordnung ist das halbe Leben...&#xD;
und die andere Hälfte auch! Denn wer simplify your life nur als Ratgeber fürs Aufräumen versteht, dem entgeht das große Versprechen dieses unumstrittenen Klassikers der Lebensführung. simplify your life räumt auch 15 Jahre nach seinem ersten Erscheinen unser gesamtes Leben auf! Vom Schreibtisch über die Finanzen bis zu Gesundheit, Beziehungen und Partnerschaft: der Ratgeber der Ratgeber deckt alle Bereiche des Selbstund Zeitmanagements ab. Werner Tiki Küstenmacher hat diese neue Ausgabe vollständig »entrümpelt« und macht die Tipps für ein sorgenfreies und entspanntes Leben noch zugänglicher!</marc:subfield>
   </marc:datafield>
   <marc:datafield ind1=" " ind2=" " tag="020">
      <marc:subfield code="a">9783828920187</marc:subfield>
      <marc:subfield code="9">9783828920187</marc:subfield>
   </marc:datafield>
   <marc:datafield ind1=" " ind2=" " tag="041">
      <marc:subfield code="a">ger</marc:subfield>
   </marc:datafield>
   <marc:datafield ind1=" " ind2=" " tag="338">
      <marc:subfield code="a">Band</marc:subfield>
   </marc:datafield>
   <marc:datafield ind1=" " ind2=" " tag="300">
      <marc:subfield code="a">352 Seiten</marc:subfield>
   </marc:datafield>
</marc:record>
